Statistics for Formula One quiz :)

Click here to take the quiz!

General Stats

  • This quiz has been taken 16 times
  • The average score is 12 of 16

Answer Stats

QuestionAnswer% Correct
Which one is a street circuit?Baku-Azerbaijan
100%
Which driver is on the 2023 Formula One grid?Daniel Ricciardo
100%
Two Formula One drivers who are relatedKeke Rosberg & Nico Rosberg
100%
Where is Suzuka circuit?Japan
93%
Who Only African World Champion?Jody Scheckter
93%
Which one is NOT a track in USA?Adelaide
86%
Which country is home to the famous corner Eau Rouge?Belgium
86%
Force India became...Racing Point
86%
Which Formula One race winner is from Venezuela?Pastor Maldonado
79%
Where was the first World Championship Grand Prix held in 1950?Silverstone
79%
Name of the second softest tire compound in 2018?Ultrasoft
64%
Which Formula One driver was kidnapped in 1958?Juan Manuel Fangio
50%
Which two drivers were involved in Multi 21?Sebastian Vettel & Mark Webber
43%
Who won the 1980 CONSTRUCTERS championship?Willaims
36%
How many different drivers won a race in 2012?7
29%
Who came 10th in the 2010 Formula One drivers championship?Rubens Barrichello
29%

Score Distribution

Percentile by Number Answered

Percent of People with Each Score

Your Score History

You have not taken this quiz